00490 2200169 4500245006700000020002200067250001100089100002300100650002100123650001000144005001900154260009600173041001400269084000800283300002000291336000900311 aNatunab : Ikhtiar Menjaga PeradabancJamal Rahman IrothhText a978-602-437-358-0 aCet. 1 aJamal Rahman Iroth aSastra Indonesia aEbook a20241031092335 aJakartabBadan Pengembangan dan Pembinaan Bahasa Kementerian Pendiikan dan Kebudayaanc2017 aIndonesia a813 a132 hlm. :cPDF atext